[Event "CRO-chT3 West"]
[Site "Croatia"]
[Date "2017.03.25"]
[Round "1.5"]
[White "Kauzlaric, Goran"]
[Black "Mazuran, Marijan"]
[Result "1/2-1/2"]
[WhiteElo "1947"]
[BlackElo "2092"]
[PlyCount "46"]
[EventDate "2017.03.25"]
[EventType "team-tourn"]
[EventRounds "9"]
[EventCountry "CRO"]
[SourceTitle "EXT 2019"]
[Source "ChessBase"]
[SourceDate "2018.10.10"]
[SourceVersion "1"]
[SourceVersionDate "2018.10.10"]
[SourceQuality "1"]

1. d4 c5 2. d5 Nf6 3. c4 d6 4. Nc3 g6 5. Nf3 Bg7 6. g3 0-0 7. Bg2 e6 8. 0-0 exd5 9. cxd5 Re8 10. Nd2 Nbd7 11. Nc4 Nb6 12. Nxb6 Qxb6 13. Qc2 a6 14. a4 Qc7 15. h3 b6 16. Bd2 Rb8 17. Rab1 Bb7 18. Rfd1 Nd7 19. b3 Ba8 20. e4 b5 21. axb5 axb5 22. Ne2 Bxd5 23. Bf4 g5 1/2-1/2

[Event "Krk Golden Island op 4th"]
[Site "Malinska"]
[Date "2016.11.01"]
[Round "5"]
[White "Ongut, Tamas Gunes"]
[Black "Mazuran, Marijan"]
[Result "1/2-1/2"]
[WhiteElo "2011"]
[BlackElo "2135"]
[PlyCount "122"]
[EventDate "2016.10.29"]
[EventType "swiss"]
[EventRounds "9"]
[EventCountry "CRO"]
[SourceTitle "CBM 175 Extra"]
[Source "ChessBase"]
[SourceDate "2016.12.12"]
[SourceVersion "1"]
[SourceVersionDate "2016.12.12"]
[SourceQuality "1"]

1. e4 e5 2. Nf3 Nc6 3. Bb5 f5 4. Nc3 fxe4 5. Nxe4 Nf6 6. Nxf6+ Qxf6 7. Qe2 Be7 8. Bxc6 dxc6 9. Nxe5 0-0 10. 0-0 Bf5 11. d4 Rae8 12. f4 Bd6 13. Be3 Kh8 14. c3 c5 15. Rac1 cxd4 16. cxd4 Bxe5 17. dxe5 Qf7 18. Bc5 Rg8 19. b3 a6 20. Qf3 Qg6 21. Be3 Re7 22. h3 h5 23. Rfd1 Be4 24. Qf2 Rge8 25. Kh2 Rf7 26. Qg3 Qf5 27. Qh4 Bc6 28. Rd8 Rxd8 29. Qxd8+ Kh7 30. Rd1 Qe4 31. Qd3 Qxd3 32. Rxd3 Rd7 33. Rd4 Rxd4 34. Bxd4 Bd7 35. Kg3 g5 36. fxg5 Kg6 37. Kf4 Be6 38. h4 a5 39. Bc5 a4 40. bxa4 Bxa2 41. a5 Be6 42. Ke4 Bd7 43. Be7 Be6 44. Kd4 Kf5 45. Bf6 Bg8 46. Kc5 Be6 47. Bd8 b6+ 48. axb6 cxb6+ 49. Kd6 b5 50. Ba5 Bg8 51. Bc3 Bb3 52. g6 Kxg6 53. e6 b4 54. Bxb4 Ba4 55. Bc3 Kf5 56. e7 Be8 57. Kc7 Ke6 58. Kd8 Kf7 59. Be5 Ba4 60. g4 hxg4 61. h5 Bb5 1/2-1/2

[Event "CRO-chT2 West"]
[Site "Croatia"]
[Date "2011.11.05"]
[Round "7.46"]
[White "Zilic, Antonija"]
[Black "Mazuran, Marijan"]
[Result "0-1"]
[WhiteElo "1874"]
[BlackElo "2185"]
[PlyCount "48"]
[EventDate "2011.03.12"]
[EventType "team-tourn"]
[EventRounds "9"]
[EventCountry "CRO"]
[SourceTitle "EXT 2014"]
[Source "ChessBase"]
[SourceDate "2013.11.20"]
[SourceVersion "1"]
[SourceVersionDate "2013.11.20"]
[SourceQuality "1"]

1. d4 c5 2. d5 Nf6 3. c4 b5 4. e3 e6 5. dxe6 fxe6 6. cxb5 d5 7. Nf3 Bd6 8. Bd2 e5 9. Qa4 0-0 10. b4 Nbd7 11. Ng5 Qe7 12. e4 h6 13. exd5 hxg5 14. Bxg5 e4 15. Be2 Qe5 16. Bxf6 Qxf6 17. 0-0 Qxa1 18. bxc5 Nxc5 19. Qc4 Qe5 20. g3 Bh3 21. Rd1 Qf6 22. Qd4 Rac8 23. Qxf6 Rxf6 24. Bc4 Rcf8 0-1

[Event "CRO-chT2 West"]
[Site "Croatia"]
[Date "2011.03.12"]
[Round "1.46"]
[White "Mazuran, Marijan"]
[Black "Djuric, Petar2222"]
[Result "0-1"]
[WhiteElo "2185"]
[BlackElo "2023"]
[PlyCount "70"]
[EventDate "2011.03.12"]
[EventType "team-tourn"]
[EventRounds "9"]
[EventCountry "CRO"]
[SourceTitle "EXT 2014"]
[Source "ChessBase"]
[SourceDate "2013.11.20"]
[SourceVersion "1"]
[SourceVersionDate "2013.11.20"]
[SourceQuality "1"]

1. d4 Nf6 2. Nf3 g6 3. c4 Bg7 4. Nc3 0-0 5. e4 d6 6. Be2 c6 7. 0-0 Qc7 8. Ne1 e5 9. d5 Nbd7 10. Nd3 h6 11. Be3 a6 12. Qd2 Kh7 13. f3 Ne8 14. g4 Nb6 15. b3 f5 16. h3 Nf6 17. Kg2 c5 18. a3 Bd7 19. Nb2 Rab8 20. b4 cxb4 21. axb4 Rf7 22. c5 Nc8 23. Nc4 Ne8 24. gxf5 gxf5 25. exf5 Bxf5 26. Bd3 Qd7 27. Qc2 Kh8 28. Bxf5 Rxf5 29. Rfd1 Rh5 30. Rh1 Qf7 31. Ne4 Bf8 32. Qf2 Be7 33. Kh2 Bh4 34. Qg2 b5 35. cxb6 Ne7 0-1

[Event "Rabac op"]
[Site "Rabac"]
[Date "2003.11.16"]
[Round "2.9"]
[White "Saric, Ante"]
[Black "Mazuran, Marijan"]
[Result "1-0"]
[WhiteElo "2382"]
[BlackElo "2250"]
[PlyCount "93"]
[EventDate "2003.11.15"]
[EventType "swiss"]
[EventRounds "9"]
[EventCountry "CRO"]
[SourceTitle "CBM 097 Extra"]
[Source "ChessBase"]
[SourceDate "2004.01.13"]
[SourceVersion "1"]
[SourceVersionDate "2004.01.13"]
[SourceQuality "1"]

1. c4 c5 2. g3 Nc6 3. Bg2 g6 4. Nc3 Bg7 5. a3 e6 6. Rb1 a5 7. Nb5 d6 8. Nf3 e5 9. d3 h6 10. Nd2 Nf6 11. Nf1 Be6 12. Ne3 0-0 13. 0-0 Rb8 14. Nc3 Nd4 15. Ned5 Nxd5 16. Nxd5 b5 17. e3 Nf5 18. cxb5 Rxb5 19. Bd2 Ne7 20. a4 Rb4 21. Nxb4 cxb4 22. Qc2 Qb6 23. Rfc1 Rc8 24. Qd1 Rc5 25. Rxc5 dxc5 26. Qc2 Nc6 27. Rc1 Bf8 28. b3 Qc7 29. Rb1 Qd7 30. Bc1 Kh7 31. Bb2 f6 32. Be4 Nd8 33. h4 h5 34. Qd1 Bg4 35. Qd2 Be6 36. Ba1 Qf7 37. Qd1 f5 38. Bg2 Bg7 39. Qc2 Qe7 40. Rc1 Nb7 41. d4 exd4 42. exd4 cxd4 43. Qc7 Qxc7 44. Rxc7 Kh6 45. Bxb7 Bxb3 46. Bc6 Be5 47. Rd7 1-0

[Event "CRO-chT"]
[Site "Pula"]
[Date "2000.09.18"]
[Round "7"]
[White "Jovanovic, Zoran"]
[Black "Mazuran, Marijan"]
[Result "0-1"]
[WhiteElo "2348"]
[BlackElo "2228"]
[PlyCount "55"]
[EventDate "2000.09.??"]
[EventType "team"]
[EventRounds "9"]
[EventCountry "CRO"]
[SourceTitle "CBM 078 Extra"]
[Source "ChessBase"]
[SourceDate "2000.11.10"]
[SourceVersion "1"]
[SourceVersionDate "2000.11.10"]
[SourceQuality "1"]

1. d4 Nf6 2. Nc3 c5 3. Bg5 cxd4 4. Qxd4 Qa5 5. Bxf6 gxf6 6. e4 Nc6 7. Qd2 d6 8. 0-0-0 f5 9. Bd3 fxe4 10. Bxe4 Bg7 11. Nge2 Be6 12. Kb1 Rc8 13. f4 0-0 14. Rhf1 Qb6 15. f5 Bc4 16. f6 exf6 17. Bf5 Rce8 18. Rf3 Re5 19. Ng3 Be6 20. Qf4 Ne7 21. Qg4 d5 22. Nh5 Ng6 23. b3 Rc8 24. Nxd5 Rxd5 25. Rxd5 Qg1+ 26. Kb2 Bxd5 27. Rd3 Rc5 28. Ng3 0-1

[Event "CRO-chT"]
[Site "Pula"]
[Date "2000.09.18"]
[Round "8"]
[White "Mazuran, Marijan"]
[Black "Cvitan, Ognjen"]
[Result "0-1"]
[WhiteElo "2228"]
[BlackElo "2541"]
[PlyCount "69"]
[EventDate "2000.09.??"]
[EventType "team"]
[EventRounds "9"]
[EventCountry "CRO"]
[SourceTitle "CBM 078 Extra"]
[Source "ChessBase"]
[SourceDate "2000.11.10"]
[SourceVersion "1"]
[SourceVersionDate "2000.11.10"]
[SourceQuality "1"]

1. d4 Nf6 2. c4 g6 3. Nc3 Bg7 4. Bg5 d6 5. e3 0-0 6. Nf3 c5 7. d5 h6 8. Bh4 e6 9. Be2 exd5 10. cxd5 g5 11. Bg3 Nh5 12. Nd2 Nxg3 13. hxg3 Nd7 14. g4 Qe7 15. Nf1 b5 16. Nxb5 Nf6 17. Nc3 Rb8 18. Rb1 Nxg4 19. Bxg4 Bxg4 20. Qxg4 Bxc3+ 21. Ke2 f5 22. Qc4 Bg7 23. b4 cxb4 24. Rxb4 Rbc8 25. Qb3 Rc3 26. Qb1 Qe5 27. Rd4 Re8 28. Rd3 Rec8 29. Nd2 Rc2 30. Qb7 Qb2 31. Qd7 Qe5 32. Rb1 R8c7 33. Rb8+ Kh7 34. Qd8 Kg6 35. Qg8 0-1

[Event "CRO-chT"]
[Site "Pula"]
[Date "2000.09.13"]
[Round "3"]
[White "Vukovic, Ivo"]
[Black "Mazuran, Marijan"]
[Result "1/2-1/2"]
[WhiteElo "2272"]
[BlackElo "2228"]
[PlyCount "22"]
[EventDate "2000.09.??"]
[EventType "team"]
[EventRounds "9"]
[EventCountry "CRO"]
[SourceTitle "CBM 078 Extra"]
[Source "ChessBase"]
[SourceDate "2000.11.10"]
[SourceVersion "1"]
[SourceVersionDate "2000.11.10"]
[SourceQuality "1"]

1. Nf3 Nf6 2. d4 c5 3. e3 e6 4. Bd3 d5 5. c3 Nbd7 6. Nbd2 Be7 7. Qe2 0-0 8. 0-0 Qc7 9. e4 dxe4 10. Nxe4 b6 11. Bg5 Bb7 1/2-1/2

[Event "CRO-chT"]
[Site "Pula"]
[Date "1999.09.16"]
[Round "7"]
[White "Mazuran, Marijan"]
[Black "Bogut, Zeljko"]
[Result "0-1"]
[WhiteElo "2256"]
[BlackElo "2375"]
[PlyCount "120"]
[EventDate "1999.09.05"]
[EventType "team"]
[EventRounds "9"]
[EventCountry "CRO"]
[SourceTitle "EXT 2000"]
[Source "ChessBase"]
[SourceDate "1999.11.16"]
[SourceVersion "1"]
[SourceVersionDate "1999.11.16"]
[SourceQuality "1"]

1. d4 g6 2. c4 Bg7 3. Nc3 d6 4. e4 Nf6 5. Nge2 0-0 6. Ng3 c5 7. d5 e6 8. Be2 Na6 9. 0-0 exd5 10. exd5 Nc7 11. Bf4 a6 12. a4 Nce8 13. Qd2 Nd7 14. Bg5 f6 15. Bh6 f5 16. Bxg7 Nxg7 17. f4 Qf6 18. Bf3 Re8 19. Rfe1 Rxe1+ 20. Rxe1 Nf8 21. Nf1 Bd7 22. Rb1 Rc8 23. Be2 a5 24. Ra1 h6 25. Ra3 b6 26. Rb3 Rb8 27. Nb5 Bxb5 28. Rxb5 g5 29. g3 Ng6 30. Rb3 gxf4 31. gxf4 Qh4 32. Rf3 Nh5 33. Ng3 Nhxf4 34. Qe3 Qg5 35. Kh1 h5 36. Bf1 Kf8 37. Ne2 Re8 38. Qf2 Re4 39. Nc3 Re5 40. Nb5 Ke7 41. Na7 Ke8 42. Nc6 Re4 43. Rb3 Kd7 44. Qd2 Re2 45. Qc3 Ne5 46. Qg3 Qxg3 47. Rxg3 Re1 48. Rg7+ Kc8 49. Rg8+ Kd7 50. Rg7+ Ke8 51. Kg1 Nxc4 52. Kf2 Rc1 53. b3 Nd2 54. Bb5 Kf8 55. Rd7 Ne4+ 56. Kf3 Nxd5 57. Kg2 Rc3 58. Nd8 Nf4+ 59. Kg1 Rc1+ 60. Bf1 Ke8 0-1

[Event "CRO-chT"]
[Site "Pula"]
[Date "1999.09.09"]
[Round "1"]
[White "Majeric, Zoran"]
[Black "Mazuran, Marijan"]
[Result "1-0"]
[WhiteElo "2333"]
[BlackElo "2256"]
[PlyCount "71"]
[EventDate "1999.09.05"]
[EventType "team"]
[EventRounds "9"]
[EventCountry "CRO"]
[SourceTitle "EXT 2000"]
[Source "ChessBase"]
[SourceDate "1999.11.16"]
[SourceVersion "1"]
[SourceVersionDate "1999.11.16"]
[SourceQuality "1"]

1. e4 e5 2. Nf3 Nc6 3. Bb5 Nge7 4. 0-0 g6 5. c3 a6 6. Ba4 Bg7 7. d4 exd4 8. cxd4 d6 9. h3 0-0 10. Nc3 h6 11. d5 Nb8 12. Re1 b5 13. Bc2 Nd7 14. Bf4 Nb6 15. Bb3 Rb8 16. Rc1 g5 17. Be3 g4 18. hxg4 Bxg4 19. Qd2 Bxf3 20. gxf3 Kh7 21. Ne2 Ng6 22. Ng3 Nh4 23. Qd1 Nc4 24. Bxc4 bxc4 25. b3 cxb3 26. axb3 Qd7 27. Kh2 Rg8 28. Rc4 Bf6 29. f4 Rxb3 30. e5 Bd8 31. f5 Rxe3 32. Rxe3 dxe5 33. Qh5 Qxd5 34. Rxh4 Bxh4 35. Qxh4 Rg5 36. Ne4 1-0

[Event "CRO-chT2"]
[Site "Pula"]
[Date "1998.??.??"]
[Round "8"]
[White "Biliskov, Vjekoslav"]
[Black "Mazuran, Marijan"]
[Result "1/2-1/2"]
[WhiteElo "2325"]
[BlackElo "2240"]
[PlyCount "56"]
[EventDate "1998.??.??"]
[EventType "team"]
[EventRounds "9"]
[EventCountry "CRO"]
[SourceTitle "EXT 2000"]
[Source "ChessBase"]
[SourceDate "1999.11.16"]
[SourceVersion "1"]
[SourceVersionDate "1999.11.16"]
[SourceQuality "1"]

1. d4 c5 2. d5 d6 3. e4 Nf6 4. Nc3 g6 5. Nf3 Bg7 6. Be2 0-0 7. 0-0 e6 8. a4 exd5 9. exd5 b6 10. Nd2 Na6 11. Nc4 Nc7 12. Bf4 Nfe8 13. Qd2 Ba6 14. Rfe1 Bxc4 15. Bxc4 a6 16. Ra3 Nf6 17. Rb3 Rb8 18. h3 Qd7 19. Qd3 Nh5 20. Bd2 Bxc3 21. Bxc3 b5 22. Qf3 bxc4 23. Rxb8 Rxb8 24. g4 Nf4 25. Qxf4 Nxd5 26. Qxc4 Nxc3 27. bxc3 Re8 28. Rxe8+ Qxe8 1/2-1/2

[Event "CRO-chT2"]
[Site "Pula"]
[Date "1998.??.??"]
[Round "5"]
[White "Lasic, Luka"]
[Black "Mazuran, Marijan"]
[Result "0-1"]
[WhiteElo "2200"]
[BlackElo "2240"]
[PlyCount "125"]
[EventDate "1998.??.??"]
[EventType "team"]
[EventRounds "9"]
[EventCountry "CRO"]
[SourceTitle "EXT 2000"]
[Source "ChessBase"]
[SourceDate "1999.11.16"]
[SourceVersion "1"]
[SourceVersionDate "1999.11.16"]
[SourceQuality "1"]

1. d4 c5 2. d5 d6 3. e4 Nf6 4. Nc3 a6 5. a4 g6 6. Nf3 Bg7 7. Be2 0-0 8. 0-0 e6 9. h3 exd5 10. exd5 Re8 11. Bd3 Nbd7 12. Bg5 Qc7 13. Re1 b6 14. Rxe8+ Nxe8 15. Qd2 Bb7 16. Bc4 Nef6 17. Re1 Re8 18. Rxe8+ Nxe8 19. b3 Qc8 20. Bf4 Qd8 21. Bg5 Qa8 22. Nd1 Ndf6 23. Nc3 Nd7 24. Nd1 Nc7 25. Ne3 Nf6 26. Bf4 Qd8 27. Bg5 Qd7 28. Bxf6 Bxf6 29. Bf1 b5 30. axb5 axb5 31. c4 b4 32. Ng4 Bg7 33. Qf4 Qe7 34. Nd2 Ne8 35. g3 Bc8 36. h4 h5 37. Ne3 Nf6 38. Bd3 Kh7 39. Nf3 Bh6 40. Ng5+ Kg8 41. Kg2 Nh7 42. Qe4 Bxg5 43. hxg5 Qxe4+ 44. Bxe4 Nxg5 45. Bc2 Bh3+ 46. Kh2 Bg4 47. Kg2 Nf3 48. Bd1 Ne1+ 49. Kf1 Bxd1 50. Kxe1 Bxb3 51. Kd2 Kg7 52. Kd3 Kf6 53. Nf1 Ke5 54. f4+ Kf6 55. Nd2 Bd1 56. Ne4+ Ke7 57. f5 gxf5 58. Nf2 Bf3 59. Ke3 Be4 60. Kd2 Kf6 61. Nh3 Ke5 62. Ng5 Kd4 63. Nxf7 0-1

[Event "CRO-chT2"]
[Site "Pula"]
[Date "1998.??.??"]
[Round "2"]
[White "Mazuran, Marijan"]
[Black "Bozanic, Ivica"]
[Result "0-1"]
[WhiteElo "2240"]
[BlackElo "2265"]
[PlyCount "72"]
[EventDate "1998.??.??"]
[EventType "team"]
[EventRounds "9"]
[EventCountry "CRO"]
[SourceTitle "EXT 2000"]
[Source "ChessBase"]
[SourceDate "1999.11.16"]
[SourceVersion "1"]
[SourceVersionDate "1999.11.16"]
[SourceQuality "1"]

1. d4 f5 2. c4 d6 3. Nf3 Nf6 4. g3 g6 5. Bg2 Bg7 6. 0-0 0-0 7. Nc3 Nc6 8. d5 Ne5 9. Nxe5 dxe5 10. Bd2 a6 11. b4 h6 12. c5 g5 13. Qb3 Kh8 14. b5 e4 15. bxa6 Rxa6 16. Rad1 e6 17. dxe6 Qe7 18. Be3 c6 19. Rd6 Ne8 20. Rfd1 Nxd6 21. cxd6 Qxe6 22. Qb4 b5 23. Bd4 Bd7 24. g4 e3 25. fxe3 fxg4 26. Ne4 Ra4 27. Bxg7+ Kxg7 28. Qc3+ Kg8 29. Nc5 Rc4 30. Nxe6 Rxc3 31. Nxf8 Kxf8 32. e4 Kf7 33. Kf2 Ke6 34. Rd2 Ke5 35. e3 h5 36. Bf1 Kxe4 0-1

[Event "CRO-Cup"]
[Site "Pula"]
[Date "1998.??.??"]
[Round "4"]
[White "Podobnik, Marijan"]
[Black "Mazuran, Marijan"]
[Result "0-1"]
[WhiteElo "2310"]
[BlackElo "2240"]
[PlyCount "78"]
[EventDate "1998.??.??"]
[EventType "team"]
[EventRounds "5"]
[EventCountry "CRO"]
[SourceTitle "EXT 2000"]
[Source "ChessBase"]
[SourceDate "1999.11.16"]
[SourceVersion "1"]
[SourceVersionDate "1999.11.16"]
[SourceQuality "1"]

1. e4 e5 2. Nf3 Nf6 3. d4 exd4 4. e5 Ne4 5. Qxd4 d5 6. exd6 Nxd6 7. Bd3 Nc6 8. Qf4 h6 9. Nc3 Be6 10. Be3 g5 11. Qa4 Bg7 12. 0-0-0 Qf6 13. Nd4 Bd7 14. Nd5 Qd8 15. Nb5 Nxb5 16. Bxb5 0-0 17. Qa3 Re8 18. h4 a6 19. Bxc6 bxc6 20. hxg5 cxd5 21. gxh6 Bf6 22. Rxd5 Qe7 23. Qxe7 Rxe7 24. Rhd1 Bc6 25. Rc5 Be4 26. g4 Rb8 27. c3 Kh7 28. g5 Be5 29. Ra5 Bf3 30. Rd2 Bd6 31. Rxa6 Rbe8 32. b4 Re4 33. Ra7 Rc4 34. Kb2 Be5 35. Bd4 Bf4 36. Kb3 Bd5 37. Be3 Rd4+ 38. c4 Bxe3 39. fxe3 Rxd2 0-1

[Event "CRO-chT2"]
[Site "Medulin"]
[Date "1997.??.??"]
[Round "?"]
[White "Mazuran, Marijan"]
[Black "Brnas, Augustin"]
[Result "1-0"]
[WhiteElo "2265"]
[BlackElo "2300"]
[PlyCount "81"]
[EventDate "1997.??.??"]
[EventType "team"]
[EventRounds "9"]
[EventCountry "CRO"]
[SourceTitle "EXT 1999"]
[Source "ChessBase"]
[SourceDate "1998.11.16"]
[SourceVersion "1"]
[SourceVersionDate "1998.11.16"]
[SourceQuality "1"]

1. d4 Nf6 2. c4 g6 3. Nc3 d5 4. cxd5 Nxd5 5. e4 Nxc3 6. bxc3 c5 7. Rb1 Bg7 8. Nf3 0-0 9. Be2 Nc6 10. d5 Ne5 11. Nxe5 Bxe5 12. c4 Qa5+ 13. Bd2 Qxa2 14. 0-0 Qa6 15. Kh1 f5 16. f4 Bd4 17. e5 Bd7 18. Qb3 Rab8 19. Qd3 e6 20. Be3 Bxe3 21. Qxe3 b6 22. Ra1 Qb7 23. Bf3 a5 24. dxe6 Bc6 25. Rfd1 Bxf3 26. gxf3 Rfe8 27. Rd7 Qc6 28. Rd6 Qc8 29. Qd3 Rb7 30. Qd5 Rbe7 31. Rxb6 Kg7 32. Rxa5 Rd8 33. Rxc5 Rxd5 34. Rxc8 Rd2 35. Rd6 Ra2 36. Rd7 Ra7 37. Rxa7 Rxa7 38. Rd8 Kh6 39. Rd7 Ra6 40. e7 Re6 41. c5 1-0